| 000 | 00711cam a22002411 4500 | ||
|---|---|---|---|
| 001 | sa 68015237 | ||
| 003 | DLC | ||
| 005 | 20260227112642.0 | ||
| 008 | 890731s1968 ii 000 0 telo | ||
| 010 | _asa 68015237 | ||
| 035 | _a(OCoLC)20105440 | ||
| 040 |
_aDLC _cWaU _dDLC |
||
| 042 | _apremarc | ||
| 050 | 0 | 0 |
_aPK3639 _b.V9 |
| 100 | 1 |
_aVyasamurty, Kaluri, _d1906- |
|
| 245 | 1 | 0 | _aTikkana kaḷā sāmrājyamu. |
| 260 | _c[1968] | ||
| 300 |
_aii, 4, 159 p. _c19 cm. |
||
| 500 | _aIncludes the text of Tikkana's Udyōgaparvamu, a version of the Udyogaparva of the Mahābhārata. | ||
| 500 | _aIn Telugu. | ||
| 630 | 0 | 0 |
_aMahābhārata. _pUdyogaparva. |
| 700 | 0 |
_aTikkana, _d1220-1300. _tUdyōgaparvamu. |
|
| 999 |
_c86328 _d86328 |
||